[Event "POR-ch Seniors 50+"]
[Site "Luso"]
[Date "2016.07.22"]
[Round "2"]
[White "Boas Novas, Fernando"]
[Black "Sousa, Carlos N Fantasia"]
[Result "1/2-1/2"]
[WhiteElo "1766"]
[BlackElo "1711"]
[PlyCount "98"]
[EventDate "2016.07.21"]
[EventType "swiss"]
[EventRounds "5"]
[EventCountry "POR"]
[SourceTitle "EXT 2018"]
[Source "ChessBase"]
[SourceDate "2017.10.13"]
[SourceVersion "1"]
[SourceVersionDate "2017.10.13"]
[SourceQuality "1"]

1. d4 Nf6 2. Nf3 g6 3. Bf4 Bg7 4. h3 0-0 5. e3 d5 6. Nbd2 Nbd7 7. Bd3 Nh5 8. Bh2 c5 9. c3 c4 10. Bc2 b5 11. e4 Bh6 12. g4 Bxd2+ 13. Qxd2 Ng7 14. 0-0 Bb7 15. e5 f5 16. Qh6 Rf7 17. Ng5 Nf8 18. Nxf7 Kxf7 19. gxf5 gxf5 20. e6+ Nfxe6 21. Qxh7 Qg8 22. Bxf5 Qxh7 23. Bxh7 Rh8 24. Bc2 Ng5 25. Be5 Nf3+ 26. Kg2 Nxe5 27. dxe5 d4+ 28. Kg3 d3 29. Bd1 Ke6 30. Bg4+ Kxe5 31. a4 b4 32. Rfe1+ Kd6 33. f4 Nh5+ 34. Bxh5 Rxh5 35. Re5 bxc3 36. bxc3 Rxe5 37. fxe5+ Kxe5 38. Re1+ Kf6 39. Kf4 a5 40. Ke3 Bc6 41. Kd4 Bxa4 42. Ke3 Bb3 43. Rg1 a4 44. h4 a3 45. h5 a2 46. h6 a1Q 47. Rxa1 Kg6 48. Rh1 Kh7 49. Rh2 Bd1 1/2-1/2

[Event "POR-ch Seniors 50+"]
[Site "Luso"]
[Date "2016.07.21"]
[Round "1"]
[White "Sousa, Carlos N Fantasia"]
[Black "Morais, Vitor Mestre"]
[Result "1-0"]
[WhiteElo "1711"]
[BlackElo "1903"]
[PlyCount "53"]
[EventDate "2016.07.21"]
[EventType "swiss"]
[EventRounds "5"]
[EventCountry "POR"]
[SourceTitle "EXT 2018"]
[Source "ChessBase"]
[SourceDate "2017.10.13"]
[SourceVersion "1"]
[SourceVersionDate "2017.10.13"]
[SourceQuality "1"]

1. e4 d6 2. d4 Nf6 3. f3 g6 4. c4 Bg7 5. Nc3 Nbd7 6. Be3 0-0 7. Qd2 e5 8. Nge2 c6 9. 0-0-0 a5 10. Kb1 a4 11. g4 Qa5 12. h4 h5 13. Bh6 Re8 14. Bxg7 Kxg7 15. g5 Nh7 16. d5 c5 17. Nb5 Qb6 18. a3 Rf8 19. Ng3 f6 20. Bh3 fxg5 21. Be6 gxh4 22. Nxh5+ gxh5 23. Qg2+ Kf6 24. Rdg1 Ke7 25. Qg7+ Kd8 26. Qxh7 Nb8 27. Rg8 1-0

[Event "POR-chT Districts"]
[Site "Pombal"]
[Date "2015.07.05"]
[Round "4.2"]
[White "Sousa, Carlos N Fantasia"]
[Black "Reis, Luis Sousa"]
[Result "0-1"]
[WhiteElo "1762"]
[BlackElo "2186"]
[PlyCount "46"]
[EventDate "2015.07.04"]
[EventType "team-swiss"]
[EventRounds "4"]
[EventCountry "POR"]
[SourceTitle "EXT 2018"]
[Source "ChessBase"]
[SourceDate "2017.10.13"]
[SourceVersion "1"]
[SourceVersionDate "2017.10.13"]
[SourceQuality "1"]
[WhiteTeam "Faro"]
[BlackTeam "Lisbon"]
[WhiteTeamCountry "POR"]
[BlackTeamCountry "POR"]

1. e4 d5 2. exd5 Nf6 3. c4 c6 4. dxc6 Nxc6 5. Nc3 e5 6. d3 Bb4 7. a3 Bxc3+ 8. bxc3 0-0 9. Bb2 Ng4 10. Qc2 Bf5 11. h3 Nf6 12. 0-0-0 Qb6 13. Rd2 Na5 14. g4 Nb3+ 15. Kd1 Nxd2 16. Qxd2 Bxd3 17. Bxd3 e4 18. Ne2 exd3 19. Nd4 Ne4 20. Qe1 Qxb2 21. Qxe4 Rfe8 22. Qf3 Qxc3 23. Qd5 Rad8 0-1